| 000 | 00855cam a2200277 a 4500 | ||
|---|---|---|---|
| 001 | 17615416 | ||
| 005 | 20150504120203.0 | ||
| 008 | 130206s2014 caua frbd 001 0 eng d | ||
| 020 | _a9781446253373 | ||
| 020 | _a9781446253380 | ||
| 040 |
_aDLC _beng _cDLC _dEG-ScBUE |
||
| 082 | 0 | 4 |
_a070.449796 _bAND _222 |
| 100 | 1 |
_aAndrews, Phil _c(Sportswriter) _937813 |
|
| 245 | 1 | 0 |
_aSports journalism : _ba practical introduction / _cPhil Andrews. |
| 250 | _a2nd ed. | ||
| 260 |
_aLos Angeles ; _aLondon : _bSage Publications Ltd, _cc.2014. |
||
| 300 |
_avii, 180 : _bill. ; _c24 cm. |
||
| 500 | _aIndex : p. 179-180. | ||
| 500 | _aGlossary : p. 171-177. | ||
| 504 | _aBibliography : p. 179. | ||
| 650 | 7 |
_aSports journalism. _2BUEsh _937814 |
|
| 651 | _2BUEsh | ||
| 653 |
_bCOMAME _cMay2015 |
||
| 655 |
_vreading book _934232 |
||
| 942 |
_2ddc _k070.449796 AND |
||
| 999 |
_c19265 _d19237 |
||